Modern microbiology
Guardat en:
| Autor principal: | |
|---|---|
| Format: | Llibre |
| Idioma: | anglès |
| Publicat: |
San Francisco
W.H. Freeman
1962
|
| Col·lecció: | Books in biology
|
| Matèries: | |
| Etiquetes: |
Afegir etiqueta
Sense etiquetes, Sigues el primer a etiquetar aquest registre!
|
MARC
| LEADER | 00000nam a2200000 a 4500 | ||
|---|---|---|---|
| 001 | UCX8538 | ||
| 003 | CL-VaPUC | ||
| 008 | 940412e19620000US |||||||||||||||||eng|d | ||
| 082 | 0 | 4 | |a 576 |b UMB |2 21 |
| 100 | 0 | |a Umbreit, Wayne William |e author |9 325675 | |
| 245 | 1 | 0 | |a Modern microbiology |
| 246 | 1 | 0 | |a Microbiology |
| 300 | |a 507 p | ||
| 942 | |c BK | ||
| 945 | |d 19940412 00:00:00 |a mfernand | ||
| 260 | |a San Francisco |b W.H. Freeman |c 1962 | ||
| 650 | 0 | |a Microbiología |9 259706 | |
| 583 | |a last modification |c 19940412 00:00:00 |k Rodrigo Vera | ||
| 490 | 0 | |a Books in biology | |
| 999 | |c 228004 |d 228002 | ||
| 952 | |0 0 |1 0 |4 0 |6 576_000000000000000_UMB_1962 |7 0 |8 A |9 227567 |a BIBALI |b BIBALI |c GEN |d 2019-11-15 |i 2968584 |o 576 UMB 1962 |p 2968584 |r 2025-01-20 |w 2019-11-15 |y BK |k ALI | ||